Statistics for Chicago Neighborhoods

Click here to take the quiz!

General Stats

  • This quiz has been taken 223 times
  • The average score is 22 of 77

Answer Stats

Answer% Correct
Loop
81%
Lincoln Park
79%
Lincoln Square
79%
Hyde Park
62%
Englewood
60%
Lakeview
56%
North Park
56%
Logan Square
52%
Rogers Park
50%
Near North Side
48%
Austin
47%
East Side
46%
Garfield Ridge
46%
Jefferson Park
44%
Uptown
42%
Humboldt Park
39%
Edgewater
38%
O’Hare
38%
Bridgeport
36%
Irving Park
36%
Albany Park
34%
Near South Side
34%
Near West Side
33%
Beverly
32%
Kenwood
30%
West Garfield Park
29%
Avondale
28%
Portage Park
28%
South Shore
28%
West Town
28%
Belmont Cragin
27%
East Garfield Park
27%
North Lawndale
27%
Pullman
26%
Gage Park
25%
West Englewood
25%
Norwood Park
24%
Washington Park
23%
Chatham
22%
Douglas
22%
Edison Park
22%
Hermosa
22%
North Center
22%
Calumet Heights
21%
Mount Greenwood
21%
Auburn Gresham
20%
Morgan Park
20%
Armour Square
19%
Dunning
19%
Forest Glen
19%
South Chicago
19%
South Lawndale
19%
West Ridge
19%
Clearing
18%
McKinley Park
18%
Roseland
18%
Brighton Park
17%
Archer Heights
16%
Fuller Park
16%
Hegewisch
16%
Grand Boulevard
15%
West Lawn
15%
Woodlawn
15%
South Deering
14%
Ashburn
13%
Chicago Lawn
13%
West Pullman
13%
Greater Grand Crossing
12%
Montclare
12%
Lower West Side
11%
New City
10%
Riverdale
10%
Oakland
9%
Avalon Park
8%
Burnside
8%
West Elsdon
7%
Washington Heights
5%

Score Distribution

Percentile by Number Answered

Percent of People with Each Score

Your Score History

You have not taken this quiz